00588 2200229 4500001002100000005001500021035002000036007000300056008004100059020001800100082001200118084001800130100001900148245004100167250001000208260004000218300003000258650001600288700002200304700002400326990000800350INLIS00000000000009120170911104533 a0010-0917000077ta170911 0 ind  a979-561-221-2 a297.218 a297.218 IBR i0 aIbrahim, Najib1 aIkrar Amalia Islami /cNajib Ibrahim aCet.1 aJakarta :bGema Insani Press,c1993 a304 hlm :b.ilus ;c18 cm aAgama Islam0 aAshim Abdul Majid0 aIshamuddin Daryalah a263